Prealgebra and introductory algebra with P.O.W.E.R. learning
Operations with integers; Expressions and equations; Operations with signed fractions; Basic geometry concepts and algebra; Signed decimals; Ratios, rates, and proportions...
Uloženo v:
| Hlavní autor: | |
|---|---|
| Další autoři: | , |
| Médium: | Kniha |
| Jazyk: | English |
| Vydáno: |
NY.
McGraw-Hill
2014
|
| Vydání: | 1st ed. |
| Témata: | |
| Tagy: |
Přidat tag
Žádné tagy, Buďte první, kdo otaguje tento záznam!
|
| Thư viện lưu trữ: | Mạng thư viện Đại học Đà Nẵng |
|---|
| LEADER | 01365nam a2200361 4500 | ||
|---|---|---|---|
| 001 | 000024379 | ||
| 003 | 20867 | ||
| 005 | 20161206141257.0 | ||
| 008 | 161206s2014 engsd | ||
| 020 | |a 0073513008 |a 9780073513003 | ||
| 041 | 0 | |a eng | |
| 082 | 1 | 4 | |a 512.9 |b ME-S |
| 100 | 1 | |a Messersmith, Sherri | |
| 245 | 1 | 0 | |a Prealgebra and introductory algebra with P.O.W.E.R. learning |c Sherri Messersmith, Lawrence Perez, Robert S. Feldman. |
| 250 | |a 1st ed. | ||
| 260 | |a NY. |b McGraw-Hill |c 2014 | ||
| 300 | |a xxviii, 1190 p., A26, SA68, I8 |c 30 cm. | ||
| 520 | 3 | |a Operations with integers; Expressions and equations; Operations with signed fractions; Basic geometry concepts and algebra; Signed decimals; Ratios, rates, and proportions... | |
| 650 | 0 | 4 | |a Algebra |v Textbooks |
| 650 | 0 | 4 | |a Mathematics |v Textbooks |
| 653 | |a Study skills | ||
| 700 | 1 | |a Perez, Lawrence. | |
| 700 | 1 | |a Feldman, Robert S. | |
| OWN | |a LSP | ||
| AVA | |a UDN50 |b LSP |d 512.9 ME-S |e available |t Error 5001 Not defined in file expand_doc_bib_avail. |f 1 |g 0 |h N |i 0 |k 1 | ||
| 999 | |a From the UDN01 | ||
| AVA | |a UDN50 |b LSP |d 512.9 ME-S |e available |t Error 5001 Not defined in file expand_doc_bib_avail. |f 1 |g 0 |h N |i 0 |k 1 | ||
| TYP | |a Monograph | ||
| TYP | |a Printed language | ||
| 980 | |a Mạng thư viện Đại học Đà Nẵng | ||


